Eurovision 2010 - 2024 Top 10 Countries - Statistics

General Stats
  • This quiz has been taken 1,160 times
    456 since last reset
  • The average score is 120 of 140
Answer Stats
Place Country % Correct
2 United Kingdom
97%
1 | 3 | 4 | +3 others Sweden
95%
1 | 4 | 8 | 10 Germany
94%
1 | 2 | 3 | +5 others Italy
93%
1 | 3 | 4 Switzerland
93%
2 | 4 | 6 France
92%
3 | 10 Spain
92%
1 | 3 | 4 | +3 others Ukraine
92%
2 | 6 Finland
91%
1 | 9 | 10 Portugal
91%
1 | 2 | 9 Netherlands
90%
4 | 5 | 6 | +2 others Norway
90%
1 | 3 | 5 | 9 Israel
88%
2 | 3 | 5 | +2 others Russia
88%
1 | 3 Austria
87%
2 Croatia
87%
1 | 4 | 5 | 9 Denmark
87%
4 | 6 | 7 | 10 Belgium
86%
6 | 8 Ireland
86%
6 | 7 | 8 Estonia
84%
6 | 7 | 8 | 10 Greece
84%
3 | 5 | 10 Serbia
83%
2 | 5 | 9 Australia
82%
4 | 7 | 8 Armenia
80%
4 | 10 Iceland
80%
1 | 2 | 4 | +2 others Azerbaijan
79%
2 | 4 Bulgaria
79%
6 Latvia
79%
8 | 9 Lithuania
79%
3 | 7 Romania
79%
2 Cyprus
78%
8 Poland
78%
2 | 7 Turkey
78%
3 | 7 | 10 Moldova
77%
5 Albania
76%
6 | 10 Czechia
74%
7 | 8 Malta
73%
5 | 8 | 10 Hungary
68%
9 Georgia
66%
7 North Macedonia
62%
6 Bosnia & Herzegovina
61%
No matching quizzes found
Score Distribution
Percent of People with Each Score
Percentile by Number Answered
Your Score History
You have not taken this quiz since the last reset